000 00320nam a2200133Ia 4500
008 100328s9999 xx 000 0 und d
082 _b44855
100 _aशेटे शिवाजी
245 _aसावज
260 _bशांती
630 _aसावज
730 _aसावज
942 _cBOOK
999 _c533077
_d533074